000 00983nas a2200289 4500
001 BR2011002420
003 BR-BrBNA
005 20231205115259.0
007 ta
008 230509b bl.|||p| |||| 00| 00por d
040 _aBR-BrBNA
_bpor
_cBiblioteca Nacional de Agricultura
041 _a(Pt)
072 _aF02; F60
100 1 _aLima, G.P.P.
100 1 _aZigiotto, D.C.
100 1 _aTakaki, M.
245 1 _aMicropropagação de Salvia officinalis L. com avaliação do teor de fenóis totais e atividade antioxidante
650 _aSALVIA
650 _aMICROPROPAGAÇÃO
650 _aANTIOXIDANTE
650 _aFLAVONÓIDE
650 _aFENOL
773 0 _tRevista Brasileira de Plantas Medicinais (Brazil)
_xISSN 1516-0572
_g(May 2008), v. 10(2) p. 68-74
_wBR2011002420
856 4 _uhttp://www.ibb.unesp.br/servicos/publicacoes/rbpm/pdf_v10_n2_2008/artigo12.pdf
_yRecurso eletrônico (PDF)
909 _a202311
_bLúcia
_c55
_dLúcia Elande
942 _2AGRIS
_n0
_cANA
999 _c212987
_d212987